000 00240nam a2200109Ia 4500
100 _aNaim A.kheir
942 _cBK
245 _aSystems Modelling and computer simulation
260 _bMarcel Dekker
_c1995
546 _aENGLISH
999 _c29721
_d29721